000 00670nam a2200217Ia 4500
003 OSt
005 20220923220635.0
006 a|||||r|||| 00| 0
007 ta
008 220922b |||||||| |||| 00| 0 hin d
024 _a188,245
037 _cTextual
040 _aARTS
_cARTS
_bhin
041 _2hin
_ahin
082 _aV495:2(Z), 152L3
245 0 _aजनवादी जन गणतंत्र कोरिया का समाजवादी संविधान
246 _aJanavādī jan gaṇatantra koriyā kā samājavādī sanvidhāna
260 _c1973
942 _hV495:2(Z), 152L3
_cTEXL
_2CC
999 _c341321
_d341321